Der Trick mit den "gestohlenen" Brettln: so mancher finanziert seinen Skiurlaub mit Versicherungsbetrug; hohe Strafen für ertappte Sünder
| 1. VerfasserIn: | |
|---|---|
| Medienart: | Druck Aufsatz |
| Sprache: | Deutsch |
| Veröffentlicht: |
1979
|
| In: |
Stuttgarter Zeitung. Stadt. Aus den Stadtteilen
Jahr: 1979, Heft: 47, Seiten: 15 |
| Bestand in Tübingen: | In Tübingen vorhanden. IFK: 2782 |
| Verfügbarkeit prüfen: | HBZ Gateway |
| Schlagwörter: |
MARC
| LEADER | 00000caa a22000002c 4500 | ||
|---|---|---|---|
| 001 | 163921092X | ||
| 003 | DE-627 | ||
| 005 | 20220608124408.0 | ||
| 007 | tu | ||
| 008 | 130704s1979 xx ||||| 00| ||ger c | ||
| 035 | |a (DE-627)163921092X | ||
| 035 | |a (DE-576)386803048 | ||
| 035 | |a (DE-599)BSZ386803048 | ||
| 040 | |a DE-627 |b ger |c DE-627 |e rakwb | ||
| 041 | |a ger | ||
| 100 | 1 | |a Finn, Robert |0 (DE-627)1233691163 |0 (DE-576)163691169 |4 aut | |
| 109 | |a Finn, Robert |a Finn, R. | ||
| 245 | 1 | 4 | |a Der Trick mit den "gestohlenen" Brettln |b so mancher finanziert seinen Skiurlaub mit Versicherungsbetrug; hohe Strafen für ertappte Sünder |c R. Finn |
| 264 | 1 | |c 1979 | |
| 336 | |a Text |b txt |2 rdacontent | ||
| 337 | |a ohne Hilfsmittel zu benutzen |b n |2 rdamedia | ||
| 338 | |a Band |b nc |2 rdacarrier | ||
| 773 | 0 | 8 | |i In |t Stuttgarter Zeitung. Stadt. Aus den Stadtteilen |d Stuttgart : Stuttgarter Zeitung Verl.-Ges., 1945 |g (1979), 47, Seite 15 |w (DE-627)129310549 |w (DE-600)126271-3 |w (DE-576)014518880 |7 nnas |
| 773 | 1 | 8 | |g year:1979 |g number:47 |g pages:15 |
| 951 | |a AR | ||
| ELC | |b 1 | ||
| LOK | |0 000 xxxxxcx a22 zn 4500 | ||
| LOK | |0 001 3299584685 | ||
| LOK | |0 003 DE-627 | ||
| LOK | |0 004 163921092X | ||
| LOK | |0 005 20130704115535 | ||
| LOK | |0 008 130704||||||||||||||||ger||||||| | ||
| LOK | |0 040 |a DE-21-110 |c DE-627 |d DE-21-110 | ||
| LOK | |0 689 |a s |a Versicherungsbetrug | ||
| LOK | |0 852 |a DE-21-110 | ||
| LOK | |0 852 1 |c 2782 |m p |9 00 | ||
| LOK | |0 935 |a k110 | ||
| LOK | |0 938 |k p | ||
| LOK | |0 939 |a 04-07-13 |b l01 | ||
| ORI | |a SA-MARC-krimdoka001.raw | ||
| SIG | |a IFK: 2782 | ||
